Seis países mais próximos – Singapura - Statistics

Estatísticas Gerais
  • Esse quiz foi jogado 45 vezes
  • A pontuação média é 4 de 6
Estatísticas das Respostas
km país % Correto
6 Indonésia
95%
1 Malásia
90%
524 Tailândia
63%
797 Vietname
55%
1109 Birmânia
30%
998 Camboja
30%
Nenhum quiz correspondente encontrado
Distribuição das Pontuações
Porcentagem de Pessoas com Cada Pontuação
Percentil de Números Respondidos
Sua Pontuação Histórica
Você não jogou esse quiz